000 00261nam a2200097Ia 4500
001 1143288
005 20250827010153.0
008 250824s9999 xx 000 0 und d
245 0 _aSOMUNCU BABA N5 36
_cMAHMUT ULU
260 _bKARATAY AKADEMİ YAYINLARI
999 _c1143288
_d1143288